| 000 | 01329nac a22003491u 4500 | ||
|---|---|---|---|
| 999 |
_c3203 _d3203 |
||
| 003 | EG-ScBUE | ||
| 005 | 20210307115145.0 | ||
| 008 | 200219s2006 nyu f 000 0 eng d | ||
| 020 | _a0553213717 (pbk.) | ||
| 035 | _a(OCoLC)ocm30448319 | ||
| 040 |
_aEG-ScBUE _beng _erda _cEG-ScBUE _dEG-ScBUE |
||
| 082 | 0 | 4 |
_a184 _bSEG _222 |
| 100 | 1 |
_aSegal, Erich, _d1937-2010, _eauthor. |
|
| 245 | 1 | 4 |
_aThe dialogues of Plato / _cintroduction by Erich Segal. |
| 264 | 1 |
_aNew York : _bBantam Books, _c2006. |
|
| 300 |
_axxii, 382 pages ; _c18 cm. |
||
| 336 |
_2rdacontent _atext _btxt |
||
| 337 |
_2rdamedia _aunmediated _bn |
||
| 338 |
_2rdacarrier _avolume _bnc |
||
| 490 | 0 | _aBantam classic | |
| 504 | _aIncludes bibliographical references. | ||
| 505 | 0 | _aApology -- Crito -- Euthyphro -- Phaedo -- Protagoras -- Meno -- Symposium -- Gorgias, Part III. | |
| 600 | 0 | 7 | _aPlatón. |
| 650 | 7 |
_aPhilosophy. _2BUEsh |
|
| 651 | _2BUEsh | ||
| 653 | _bGGEN | ||
| 655 |
_vReading book _934232 |
||
| 856 | 4 | 2 |
_3Publisher description _uhttp://www.loc.gov/catdir/description/random049/2002735557.html |
| 856 | 4 | 2 |
_3Contributor biographical information _uhttp://www.loc.gov/catdir/enhancements/fy0614/2002735557-b.html |
| 856 | 4 | 2 |
_3Sample text _uhttp://www.loc.gov/catdir/enhancements/fy0642/2002735557-s.html |
| 942 |
_cBB _k822.33Se371 _2ddc |
||